Elementos de la teoría de probabilidades y algunas de sus aplicaciones (Registro nro. 1276)

Detalles MARC
000 -LEADER
fixed length control field 01425 a2200217 4500
001 - CONTROL NUMBER
control field 25032
005 - DATE AND TIME OF LATEST TRANSACTION
control field 20260407155534.0
008 - FIXED-LENGTH DATA ELEMENTS--GENERAL INFORMATION
fixed length control field 260407a1968 arg spa d
003 - CONTROL NUMBER IDENTIFIER
control field AR-UNSa-BCEJYS
040 ## - CATALOGING SOURCE
Original cataloging agency AR-UNSa-BCEJYS
Language of cataloging spa
Transcribing agency AR-UNSa-BCEJYS
080 ## - UNIVERSAL DECIMAL CLASSIFICATION NUMBER
Universal Decimal Classification number 519.21
Common auxiliary subdivision Teoría de probabilidades y procesos estocásticos<br/>
100 1# - MAIN ENTRY--PERSONAL NAME
Personal name Cramér, Harald
245 10 - TITLE STATEMENT
Title Elementos de la teoría de probabilidades y algunas de sus aplicaciones
250 ## - EDITION STATEMENT
Edition statement 6a. ed
264 #1 - PRODUCTION, PUBLICATION, DISTRIBUTION, MANUFACTURE, AND COPYRIGHT NOTICE
Place of production, publication, distribution, manufacture Madrid :
Name of producer, publisher, distributor, manufacturer Aguilar
Date of production, publication, distribution, manufacture, or copyright notice 1968
300 ## - PHYSICAL DESCRIPTION
Extent 321 p.
Dimensions 22 cm.
505 ## - FORMATTED CONTENTS NOTE
Formatted contents note Parte I : Fundamentos : 1. Introducción histórica - 2. Definición de probabilidad matemática - 3. Reglas elementales del cálculo de probabilidad - 4. Algunas aplicaciones de los teoremas fundamentales - Parte II : Variables aleatorias y distribuciones de probabilidad : 5. Variables y distribuciones e una dimensión - 6. La distribución binomial y otras distribuciones análogas - 7. La distribución normal - Otras distribuciones continuas - 9. Variables y distribuciones en dos dimensiones - 10. Variables y distribuciones en más de dos dimensiones - Parte III : Aplicaciones : 11. Introducción - 12. Tratamiento descriptivo de un material estadístico - 13. Distribuciones en el muestreo - 14. Problemas de inferencia estadística - 15. La dócima - 16. Otras aplicaciones.
590 ## - LOCAL NOTE (RLIN)
Local note niveau_biblio:m niveau_hierar:0
700 1# - ADDED ENTRY--PERSONAL NAME
Personal name Calleja, Anselmo
942 ## - ADDED ENTRY ELEMENTS (KOHA)
Koha item type
Existencias
Withdrawn status Lost status Damaged status Not for loan Home library Current library Shelving location Date acquired Total checkouts Full call number Barcode Date last seen Price effective from Koha item type Public note
        Biblioteca Prof. Eusebio Cleto del Rey Biblioteca Prof. Eusebio Cleto del Rey   07/04/2026   519.21 C889 6ed. L22801 07/04/2026 07/04/2026 Libro  
        Biblioteca Prof. Eusebio Cleto del Rey Biblioteca Prof. Eusebio Cleto del Rey   07/04/2026   519.21 C889 6ed. L22802 07/04/2026 07/04/2026 Libro HOJA ROTA- ÚLTIMA HOJA MEDIO SUELTA